000 00455nam a2200169 a 4500
001 0000-8603
003 ELIB.Books
008 110520 1953
035 _a(ELIB.Books)0000-8749
082 _aB
_bNun
100 _aNunn, Henry Lightfoot
245 _aThe Whole man goes to Work
260 _bNew York: Harper & Brothers Publishers
_c1953
650 _aBiography
942 _2ddc
_cBK
998 _cbat
_e2011-05-20
_mcat
_u2019-07-03
999 _c8603
_d8603